LEADER 01540nam a2200337 a 4500 001 000000123631 003 CaOOAMICUS 005 20101103103837.0 008 101103t2003 it u000 u ita r 020 $a88-16-40621-6 040 $aPUL$bita 041 1 $aita$hfre 082 04$a233 100 1 $aMartelet, Gustave,$d1916-$0(OLS)http://pul/name/31135 240 10$aEvolution et creation. Sens ou non-sense de l'homme dans la nature?.$lItaliano.$0(OLS)http://pul/title/155821 245 10$aEvoluzione e creazione :$bdall'origine del cosmo all'origine dell'uomo /$cGustave Martelet ; prefazione di Fiorenzo Facchini. 260 $aMilano :$bJaca Book,$cİ2003. 300 $a237 p. ;$c23 cm 490 1 $aDi fronte e attraverso. Le origini dell'uomo ;$v621 504 $aInclude riferimenti bibliografici. 650 4$aEvoluzione umana.$0(OLS)http://pul/subject/29728 650 4$aUomo$xOrigine.$0(OLS)http://pul/subject/9379 830 0$aDi fronte e attraverso.$pLe origini dell'uomo ;$v621.$0(OLS)http://pul/title/155823 850 $aPUL 852 $aPUL$W1$xSL Religione 3$y85$m233 MARGU 1$j142329$qDDC 21$B141303$CPULBib$Z2$F141303 $H115102 $82 941 1 $a9 996 $6020$a88-16-40621-6$9(OLS)http://pul/number/145819 996 $6082$a233$9(OLS)http://pul/classification/447 996 $6245$aEvoluzione e creazione :$bdall'origine del cosmo all'origine dell'uomo$9(OLS)http://pul/title/155822 996 $6260$aMilano :$bJaca Book$9(OLS)http://pul/publisher/47900 LEADER 01164nam a2200289 a 4500 001 000000170914 003 CaOOAMICUS 005 20181205091831.0 008 181205s2008 miua u000 u eng r 020 $z9780801068270* 032 $aLibriCat 040 $aPUL$bita 082 04$a215 100 1 $aRana, Fazale.$0(OLS)http://pul/name/109914 245 14$aThe cell's design :$bhow chemistry reveals the Creator's artistry /$cFazale Rana. 260 $aGrand Rapids, Michigan :$bBaker Books,$cİ2008. 300 $a332 p. :$bill. ;$c23 cm. 504 $aBibliografia in nota. 650 4$aTeleologia.$0(OLS)http://pul/subject/40276 850 $aPUL 852 $aPUL$W1$xDP2 Religione 3$y114$m215 RANFA 1$j194269$qDDC 21$B199449$CPULBib$Z2$F199449 $H131864 $81 941 1 $a9 996 $6020$z9780801068270*$9(OLS)http://pul/number/165480 996 $6082$a215$9(OLS)http://pul/classification/503 996 $6245$aThe cell's design :$bhow chemistry reveals the Creator's artistry$9(OLS)http://pul/title/211759 996 $6260$aGrand Rapids, Michigan :$bBaker Books$9(OLS)http://pul/publisher/87072